000 01506cam a22004454i 4500
003 PE-LiUPU
005 20250731173443.0
008 150616s1969 ag r 000 0 spa d
035 _a(Sirsi) a5802
040 _aPE-LiUPU
_bspa
_cPE-LiUPU
_erda
049 _aPRUA
082 0 4 _a289.3309
_bM91
_221
100 1 _aMullen, Robert,
_eautor.
245 1 4 _aLos Mormones Ayer y Hoy /
_cRobert Mullen.
264 1 _aBuenos Aires :
_bEditorial Sopena Argentina S.A.,
_c1969.
300 _a355 páginas ;
_c21 centímetros
336 _atext
_2rdacontent
337 _aunmediated
_2rdamedia
338 _avolume
_2rdacarrier
505 0 _aEl Periodo de Joseph Smith -- La epoca de brigham young -- El siglo veinte.
526 _aSEG42
526 _aSEG41
526 _aSEG40
526 _aSEG39
526 _aP94
526 _aP87
526 _aP86
526 _aP85
526 _aP77
526 _aP76
526 _aP35
650 0 4 _aMormonismo - Historia.
910 _ajck
_bjvq
_cjck
942 _2ddc
_cBOOK
949 _a289.3309 M91
_wDEWEY
_c1
_i39248
_lCCODEBUL1
_mBUL
_p00.00
_r0
_sY
_tBOOK
_u19951008
_xTEOLOGIA
_zUNKNOWN
_0COMPRA
_o.STAFF. Colección General
994 _aC0
_bPEPRU
596 _a1
999 _a289.3309 M91
_wDEWEY
_c56869
_i39248
_d56869
_e2016-10-19
_f2021-11-12
_g5
_lCCODEBUL1
_mBUL
_n2
_p27.00
_r0
_sY
_tBOOK
_u2015-6-16
_xTEOLOGIA
_zUNKNOWN
_0COMPRA
_o.STAFF. Colección Teología
980 _81
_gALBERTO SANCHEZ Responsable de Automatización